[Event "Bayerische EM 2021 -  Frauen"]
[Site "Schney"]
[Date "2021.08.25"]
[Round "5.1"]
[White "Spiel, Marianne"]
[Black "Racky, Selina"]
[Result "1-0"]
[WhiteElo "1869"]
[BlackElo "1309"]
[PlyCount "63"]
[EventDate "2021.??.??"]
[WhiteTeam "FC Bayern München"]
[BlackTeam "SG Vogtareuth-Prutting"]

1. e4 e5 2. Nf3 Nc6 3. Bb5 a6 4. Ba4 b5 5. Bb3 Nf6 6. O-O Bc5 7. c3 O-O 8. d4
exd4 9. cxd4 Bb6 10. e5 Ne8 11. Bg5 Ne7 12. Nc3 Bb7 13. Nd5 Bxd5 14. Bxd5 c6
15. Be4 Nc7 16. Re1 Qe8 17. Nh4 h6 18. Be3 Ncd5 19. Nf5 Nxf5 20. Bxf5 Qe7 21.
a3 d6 22. exd6 Qxd6 23. Qg4 Nxe3 24. fxe3 Qf6 25. Rf1 Qg5 26. Qxg5 hxg5 27.
Rac1 Rfe8 28. Kf2 Ba5 29. b4 Bd8 30. Bd7 Re7 31. Bxc6 a5 32. Bxa8 1-0

[Event "Bayerische EM 2021 -  Frauen"]
[Site "Schney"]
[Date "2021.08.25"]
[Round "5.2"]
[White "Birke, Stefanie"]
[Black "Braun, Kristin"]
[Result "0-1"]
[WhiteElo "1543"]
[BlackElo "1925"]
[PlyCount "46"]
[EventDate "2021.??.??"]
[WhiteTeam "FC Nordhalben"]
[BlackTeam "SC Jäklechemie Nbg."]

1. Nf3 d6 2. g3 e5 3. d3 Nc6 4. Bg2 g6 5. Nc3 Bg7 6. O-O Nge7 7. e4 O-O 8. Ne2
f5 9. Bg5 Qe8 10. Qd2 Qf7 11. Nh4 fxe4 12. Bxe4 Bh3 13. Ng2 d5 14. Bxe7 Nxe7
15. f3 dxe4 16. fxe4 Qe6 17. b3 Qb6+ 18. Kh1 Rf2 19. Rg1 Raf8 20. Qe1 Qf6 21.
g4 Qf3 22. Qf1 Rxf1 23. Raxf1 Bxg2+ 0-1

[Event "Bayerische EM 2021 -  Frauen"]
[Site "Schney"]
[Date "2021.08.25"]
[Round "5.3"]
[White "Albayrak, Aylin"]
[Black "Perez Celis, Alba"]
[Result "0-1"]
[WhiteElo "1697"]
[BlackElo "1860"]
[PlyCount "60"]
[EventDate "2021.??.??"]
[WhiteTeam "SC N-T Nürnberg"]
[BlackTeam "SK Bad Neustadt"]

1. d4 Nf6 2. c4 g6 3. Nc3 Bg7 4. e4 d6 5. Be2 O-O 6. Nf3 e5 7. d5 a5 8. O-O Na6
9. h3 Nc5 10. Qc2 Ne8 11. Bg5 f6 12. Be3 f5 13. exf5 Bxf5 14. Qd2 Qe7 15. Bh6
Rf7 16. Bxg7 Nxg7 17. Qh6 Bd7 18. g4 Rf4 19. Ng5 Ne8 20. Kg2 Nf6 21. Rae1 Kh8
22. f3 Ng8 23. Qxh7+ Qxh7 24. Nxh7 Kxh7 25. b3 Kg7 26. g5 Ne7 27. Bd1 Rh8 28.
Rh1 Rh5 29. Ne2 Rxg5+ 30. Ng3 Nf5 0-1

[Event "Bayerische EM 2021 -  Frauen"]
[Site "Schney"]
[Date "2021.08.25"]
[Round "5.4"]
[White "Roos, Karin"]
[Black "Homfeldt, Maren"]
[Result "1-0"]
[WhiteElo "1738"]
[BlackElo "1162"]
[PlyCount "45"]
[EventDate "2021.??.??"]
[WhiteTeam "FC Bayern München"]
[BlackTeam "SC N-T Nürnberg"]

1. e4 g6 2. d4 Bg7 3. Nf3 f6 4. Bc4 e6 5. Be3 Qe7 6. O-O Qb4 7. Nbd2 Qxb2 8.
Rb1 Qa3 9. Bb3 b5 10. c4 Ba6 11. Re1 Bf8 12. cxb5 Bxb5 13. Bxe6 dxe6 14. Rxb5
c6 15. Rb7 Bd6 16. Qc2 g5 17. Nc4 Bb4 18. Nxa3 Bxa3 19. d5 exd5 20. exd5 Ne7
21. Bc5 Bxc5 22. Qxc5 O-O 23. Qxe7 1-0

[Event "Bayerische EM 2021 -  Frauen"]
[Site "Schney"]
[Date "2021.08.25"]
[Round "6.1"]
[White "Braun, Kristin"]
[Black "Albayrak, Aylin"]
[Result "1-0"]
[WhiteElo "1925"]
[BlackElo "1697"]
[PlyCount "31"]
[EventDate "2021.??.??"]
[WhiteTeam "SC Jäklechemie Nbg."]
[BlackTeam "SC N-T Nürnberg"]

1. e4 c5 2. Nf3 Nc6 3. d4 cxd4 4. Nxd4 Nf6 5. Nc3 d6 6. Bc4 e6 7. Bg5 Be7 8.
Qd2 a6 9. O-O-O Qc7 10. Bb3 O-O 11. Nxc6 Qxc6 12. Bxf6 gxf6 13. Qh6 Qc5 14. Nd5
Re8 15. Rd3 exd5 16. Rg3+ 1-0

[Event "Bayerische EM 2021 -  Frauen"]
[Site "Schney"]
[Date "2021.08.25"]
[Round "6.2"]
[White "Racky, Selina"]
[Black "Roos, Karin"]
[Result "0-1"]
[WhiteElo "1309"]
[BlackElo "1738"]
[PlyCount "68"]
[EventDate "2021.??.??"]
[WhiteTeam "SG Vogtareuth-Prutting"]
[BlackTeam "FC Bayern München"]

1. d4 Nf6 2. Bf4 d6 3. e3 g6 4. Bd3 Bg7 5. Nd2 O-O 6. Ngf3 Nbd7 7. c3 c5 8. Qe2
cxd4 9. exd4 e5 10. dxe5 dxe5 11. Bg5 Re8 12. Bb5 a6 13. Ba4 b5 14. Bc2 Bb7 15.
O-O Qc7 16. Rad1 e4 17. Nd4 Nh5 18. N2b3 h6 19. Bh4 Rac8 20. a3 Nc5 21. Nf5 Nf4
22. Qe3 gxf5 23. Nxc5 Nd5 24. Nxa6 Qc6 25. Nb4 Nxe3 26. Nxc6 Nxd1 27. Ne7+ Rxe7
28. Bxe7 Nxb2 29. Re1 Rxc3 30. Bb1 Bd5 31. Bb4 Rc8 32. h3 Be6 33. Kh2 Bc3 34.
Re2 Na4 0-1

[Event "Bayerische EM 2021 -  Frauen"]
[Site "Schney"]
[Date "2021.08.25"]
[Round "6.3"]
[White "Albayrak, Berrak"]
[Black "Spiel, Marianne"]
[Result "0-1"]
[WhiteElo "1484"]
[BlackElo "1869"]
[PlyCount "160"]
[EventDate "2021.??.??"]
[WhiteTeam "SC N-T Nürnberg"]
[BlackTeam "FC Bayern München"]

1. e4 e6 2. d4 d5 3. Nd2 Nf6 4. e5 Nfd7 5. Bd3 c5 6. c3 Nc6 7. Ne2 cxd4 8. cxd4
f6 9. exf6 Nxf6 10. O-O Bd6 11. Nf3 O-O 12. Re1 Qc7 13. Qc2 Bd7 14. Ng3 h6 15.
Bd2 Rac8 16. Rac1 Qb6 17. Qb3 Nxd4 18. Nxd4 Qxd4 19. Be3 Qb4 20. Bxa7 Qxb3 21.
axb3 Kf7 22. Rxc8 Rxc8 23. Bd4 Bc5 24. Ne2 Bxd4 25. Nxd4 Ne8 26. h3 Nd6 27. g4
g5 28. Re3 Kf6 29. Nf3 Bb5 30. Nd4 Bd7 31. Nf3 Nf7 32. Nd4 e5 33. Rf3+ Ke7 34.
Nf5+ Bxf5 35. Bxf5 Rc1+ 36. Kg2 Nd6 37. Re3 Kf6 38. Bh7 d4 39. Re2 Rc8 40. f3
Ke6 41. Re1 Kd5 42. Kf2 b6 43. Ke2 Ra8 44. Bg6 Rb8 45. Bd3 Re8 46. Bg6 Rf8 47.
Rc1 Rf6 48. Bh7 e4 49. Bg8+ Ke5 50. fxe4 Nxe4 51. Rc7 Rf2+ 52. Ke1 Rxb2 53.
Re7+ Kf4 54. Bd5 Rb1+ 55. Ke2 Nc3+ 56. Kd3 Nxd5 57. Rf7+ Ke5 58. Rf5+ Ke6 59.
Kxd4 Rd1+ 60. Ke4 Nc3+ 61. Ke3 Rd5 62. Rf8 Ke7 63. Rh8 Rd6 64. Rh7+ Kd8 65. Rf7
Nd5+ 66. Ke4 Nf4 67. Ke5 Re6+ 68. Kf5 Rc6 69. h4 Ke8 70. Rh7 Nh3 71. hxg5 Nxg5
72. Rb7 Nf3 73. Ke4 Nd2+ 74. Kd5 Rg6 75. b4 Nf1 76. Ke4 Rxg4+ 77. Kf5 Rxb4 78.
Kg6 Kd8 79. Kxh6 Kc8 80. Rf7 Ne3 0-1

[Event "Bayerische EM 2021 -  Frauen"]
[Site "Schney"]
[Date "2021.08.25"]
[Round "6.4"]
[White "Homfeldt, Maren"]
[Black "Birke, Stefanie"]
[Result "0-1"]
[WhiteElo "1162"]
[BlackElo "1543"]
[PlyCount "62"]
[EventDate "2021.??.??"]
[WhiteTeam "SC N-T Nürnberg"]
[BlackTeam "FC Nordhalben"]

1. b3 e6 2. e3 b6 3. Bb2 Bb7 4. Be2 Bxg2 5. Bf3 Bxh1 6. Bxh1 d5 7. Qe2 a6 8.
Nf3 Nd7 9. Nd4 Qh4 10. Nf3 Qh6 11. Qf1 Ngf6 12. h3 g6 13. Ne5 Bg7 14. Ng4 Nxg4
15. Bxg7 Qxg7 16. d4 Ngf6 17. Nd2 O-O 18. Nf3 c5 19. Qd3 Rfc8 20. O-O-O Ne4 21.
Rf1 c4 22. bxc4 Rxc4 23. Ne1 f5 24. Bf3 Ndc5 25. Qd1 Ra4 26. Bxe4 Nxe4 27. Nd3
Rxa2 28. Kb1 Nc3+ 29. Kc1 Nxd1 30. Kxd1 Qc7 31. Ne1 Qc4 0-1

[Event "Bayerische EM 2021 -  Frauen"]
[Site "Schney"]
[Date "2021.08.26"]
[Round "7.1"]
[White "Roos, Karin"]
[Black "Albayrak, Berrak"]
[Result "0-1"]
[WhiteElo "1738"]
[BlackElo "1484"]
[PlyCount "127"]
[EventDate "2021.??.??"]
[WhiteTeam "FC Bayern München"]
[BlackTeam "SC N-T Nürnberg"]

1. e4 d6 2. Nf3 Nf6 3. Nc3 g6 4. d4 Bg7 5. Be3 O-O 6. Qd2 e5 7. Bc4 Nbd7 8. Bh6
exd4 9. Nxd4 Re8 10. O-O-O Nxe4 11. Nxe4 Bxh6 12. Qxh6 Rxe4 13. Bb3 Qf8 14. Qg5
Re5 15. Qg3 Nc5 16. f4 Nxb3+ 17. Nxb3 Qh6 18. Kb1 Re4 19. Rhe1 Qh5 20. Nd2 Re2
21. Nf3 Qg4 22. Qxg4 Bxg4 23. Nh4 Rae8 24. h3 Bd7 25. Kc1 Bb5 26. Rg1 R8e4 27.
Nf3 Rxf4 28. Nd4 Re5 29. c3 Rf2 30. Rd2 Rxd2 31. Kxd2 Bd7 32. Rf1 Ra5 33. a3
Rg5 34. Rf2 Re5 35. Nf3 Rb5 36. Ke3 Bc6 37. Nd4 Re5+ 38. Kf4 Re4+ 39. Kg3 Re3+
40. Kf4 Re4+ 41. Kg3 Bd7 42. Kf3 d5 43. Kg3 c5 44. Nf3 h6 45. Nd2 Re3+ 46. Nf3
Kg7 47. Rd2 Bc6 48. Kf2 Re4 49. Rd3 f5 50. g3 Kf6 51. Nd2 Re6 52. Nf3 g5 53.
Nh2 Re4 54. Rd2 f4 55. Ng4+ Kg6 56. Nh2 fxg3+ 57. Kxg3 Re3+ 58. Kf2 Rxh3 59.
Nf1 g4 60. Re2 Rf3+ 61. Ke1 Bb5 62. Rf2 Rxf2 63. Kxf2 Bxf1 64. Kxf1 0-1

[Event "Bayerische EM 2021 -  Frauen"]
[Site "Schney"]
[Date "2021.08.26"]
[Round "7.2"]
[White "Birke, Stefanie"]
[Black "Racky, Selina"]
[Result "0-1"]
[WhiteElo "1543"]
[BlackElo "1309"]
[PlyCount "58"]
[EventDate "2021.??.??"]
[WhiteTeam "FC Nordhalben"]
[BlackTeam "SG Vogtareuth-Prutting"]

1. Nf3 d5 2. g3 Bf5 3. Bg2 e6 4. O-O Bd6 5. d4 Nd7 6. Nbd2 Ngf6 7. b3 h6 8. c4
c6 9. Re1 O-O 10. c5 Bc7 11. b4 Re8 12. Nf1 e5 13. dxe5 Nxe5 14. a3 Nxf3+ 15.
Bxf3 Be5 16. Ra2 Bb1 17. Qb3 Bxa2 18. Qxa2 Ne4 19. e3 Qf6 20. Bxe4 dxe4 21. Nd2
Bc3 22. Rf1 Bxd2 23. Bxd2 Rad8 24. Bc1 Qf3 25. Qb3 Rd3 26. Qc2 Red8 27. h4 Rd1
28. a4 Rxf1+ 29. Kxf1 Rd1+ 0-1

[Event "Bayerische EM 2021 -  Frauen"]
[Site "Schney"]
[Date "2021.08.26"]
[Round "7.3"]
[White "Perez Celis, Alba"]
[Black "Braun, Kristin"]
[Result "1-0"]
[WhiteElo "1860"]
[BlackElo "1925"]
[PlyCount "83"]
[EventDate "2021.??.??"]
[WhiteTeam "SK Bad Neustadt"]
[BlackTeam "SC Jäklechemie Nbg."]

1. e4 c5 2. Nc3 g6 3. g3 Bg7 4. Bg2 Nc6 5. d3 d6 6. Be3 Rb8 7. a4 Nd4 8. Nge2
Bg4 9. Bxd4 cxd4 10. Nd5 Qa5+ 11. b4 Qd8 12. O-O e5 13. f3 Be6 14. c4 dxc3 15.
Nexc3 Ne7 16. Nxe7 Kxe7 17. Qd2 Qb6+ 18. Kh1 h5 19. a5 Qd8 20. f4 exf4 21. gxf4
Rc8 22. d4 Rc4 23. f5 Bxd4 24. fxe6 Bxc3 25. Qd5 fxe6 26. Qxc4 Bxa1 27. Rxa1
Qe8 28. Qd4 Rg8 29. Rf1 e5 30. Qxa7 Qa8 31. Qf2 Rf8 32. Qh4+ Kd7 33. Bh3+ Kc6
34. Rc1+ Kb5 35. Qe1 b6 36. Bf1+ Ka4 37. Qe2 bxa5 38. Qa2+ Kxb4 39. Qc4+ Ka3
40. Rc3+ Kb2 41. Qb3+ Ka1 42. Rc1# 1-0

[Event "Bayerische EM 2021 -  Frauen"]
[Site "Schney"]
[Date "2021.08.26"]
[Round "7.4"]
[White "Albayrak, Aylin"]
[Black "Homfeldt, Maren"]
[Result "1-0"]
[WhiteElo "1697"]
[BlackElo "1162"]
[PlyCount "61"]
[EventDate "2021.??.??"]
[WhiteTeam "SC N-T Nürnberg"]
[BlackTeam "SC N-T Nürnberg"]

1. d4 b6 2. c4 d6 3. Nc3 Bf5 4. e4 Bg6 5. f4 f5 6. e5 e6 7. Nf3 Be7 8. Be3 Bh5
9. Be2 Bh4+ 10. g3 Be7 11. Qa4+ Nd7 12. O-O-O a6 13. Rhg1 Nh6 14. exd6 cxd6 15.
d5 e5 16. fxe5 dxe5 17. Nxe5 b5 18. Bxh5+ Nf7 19. Bxf7+ Kf8 20. Qc2 Nxe5 21.
Be6 Nxc4 22. Qxf5+ Bf6 23. Qh5 g6 24. Qh6+ Ke7 25. Bg5 Bxg5+ 26. Qxg5+ Kd6 27.
Ne4+ Kc7 28. Qf4+ Kb7 29. d6 Qa5 30. Qf7+ Kb6 31. Qc7# 1-0

[Event "Bayerische EM 2021 -  Frauen"]
[Site "Schney"]
[Date "2021.08.27"]
[Round "8.1"]
[White "Racky, Selina"]
[Black "Albayrak, Aylin"]
[Result "1-0"]
[WhiteElo "1309"]
[BlackElo "1697"]
[PlyCount "99"]
[EventDate "2021.??.??"]
[WhiteTeam "SG Vogtareuth-Prutting"]
[BlackTeam "SC N-T Nürnberg"]

1. e4 e6 2. Nf3 d5 3. exd5 exd5 4. d4 Nf6 5. Bf4 Be7 6. Bd3 O-O 7. h3 Re8 8.
O-O b6 9. Nbd2 Ba6 10. Bxa6 Nxa6 11. Re1 Qd7 12. c3 Qf5 13. Bh2 Ne4 14. Qe2
Nxd2 15. Qxd2 Qd7 16. Ne5 Qf5 17. Nc6 Bg5 18. Rxe8+ Rxe8 19. Re1 Re6 20. Rxe6
Qxe6 21. Qd3 Nc5 22. dxc5 Qxc6 23. cxb6 axb6 24. Qf5 Qe8 25. Bxc7 h6 26. Qe5
Qb5 27. b4 Bf6 28. Qe3 Qc6 29. Bxb6 Bxc3 30. Bc5 Qf6 31. a4 Be5 32. a5 Bf4 33.
Qd3 Bb8 34. Bd4 Qe6 35. Kf1 Qc6 36. f3 Bg3 37. Qc3 Qb5+ 38. Kg1 Qe2 39. Qc1 Qd3
40. Bf2 Bd6 41. Be1 Qd4+ 42. Kf1 Bh2 43. Bf2 Qxb4 44. Qc8+ Kh7 45. Qf5+ Kg8 46.
Qxd5 Bf4 47. Qa8+ Bb8 48. Bg3 Qb1+ 49. Kf2 Qc2+ 50. Kg1 1-0

[Event "Bayerische EM 2021 -  Frauen"]
[Site "Schney"]
[Date "2021.08.27"]
[Round "8.2"]
[White "Albayrak, Berrak"]
[Black "Birke, Stefanie"]
[Result "1-0"]
[WhiteElo "1484"]
[BlackElo "1543"]
[PlyCount "85"]
[EventDate "2021.??.??"]
[WhiteTeam "SC N-T Nürnberg"]
[BlackTeam "FC Nordhalben"]

1. e4 e6 2. d4 b6 3. Bd3 Bb7 4. Nc3 a6 5. Nf3 d6 6. O-O h6 7. d5 e5 8. Ne1 Nd7
9. f4 g6 10. Qf3 Qf6 11. fxe5 Qxf3 12. Nxf3 Nxe5 13. Nxe5 dxe5 14. Be3 Bd6 15.
Rf3 f6 16. Raf1 O-O-O 17. Nd1 Re8 18. c4 a5 19. Nc3 Ba6 20. Rg3 g5 21. h4 Rh7
22. Be2 Rf8 23. Bg4+ Kd8 24. Bf5 Rg7 25. b3 Ne7 26. Nb5 Bxb5 27. cxb5 Rfg8 28.
Be6 Rf8 29. hxg5 hxg5 30. Rxg5 Ng6 31. Rg4 Ke7 32. Bf5 Rfg8 33. Be6 Rh8 34. Rf3
Rh4 35. Rfg3 Rxg4 36. Rxg4 Kf8 37. Bh6 Bc5+ 38. Kf1 Nf4 39. Rxg7 Nxe6 40. Rxc7+
Ke8 41. dxe6 Kd8 42. Rh7 Be7 43. Bg7 1-0

[Event "Bayerische EM 2021 -  Frauen"]
[Site "Schney"]
[Date "2021.08.27"]
[Round "8.3"]
[White "Spiel, Marianne"]
[Black "Roos, Karin"]
[Result "1-0"]
[WhiteElo "1869"]
[BlackElo "1738"]
[PlyCount "103"]
[EventDate "2021.??.??"]
[WhiteTeam "FC Bayern München"]
[BlackTeam "FC Bayern München"]

1. e4 c5 2. Nf3 d6 3. d4 cxd4 4. Nxd4 Nf6 5. Nc3 a6 6. Be3 e5 7. Nb3 Be6 8. f3
Be7 9. Qd2 O-O 10. O-O-O b5 11. g4 Nbd7 12. Kb1 Nb6 13. g5 Nh5 14. Rg1 g6 15.
Be2 Nc4 16. Bxc4 bxc4 17. Nc1 Rb8 18. Nd5 Bxd5 19. Qxd5 Qc7 20. c3 Rb5 21. Qd2
Rfb8 22. Rg2 a5 23. Qe1 a4 24. Rd5 Rxd5 25. exd5 a3 26. b4 cxb3 27. Nxb3 Bf8
28. Rc2 Qc4 29. Qd1 Rb5 30. Bc1 Rxd5 31. Qe2 Qxe2 32. Rxe2 Rd3 33. Kc2 Rxf3 34.
Bxa3 Nf4 35. Rd2 d5 36. Bxf8 Kxf8 37. Nc5 Ke7 38. Kb3 e4 39. a4 Nd3 40. Nxd3
Rxd3 41. Rxd3 exd3 42. Kb2 Kd6 43. Kc1 Kc5 44. Kd2 Kc4 45. a5 Kb5 46. Kxd3 Kxa5
47. Kd4 Kb6 48. Kxd5 Kc7 49. Ke5 Kd7 50. Kf6 Ke8 51. c4 Kf8 52. c5 1-0

[Event "Bayerische EM 2021 -  Frauen"]
[Site "Schney"]
[Date "2021.08.27"]
[Round "8.4"]
[White "Homfeldt, Maren"]
[Black "Perez Celis, Alba"]
[Result "0-1"]
[WhiteElo "1162"]
[BlackElo "1860"]
[PlyCount "64"]
[EventDate "2021.??.??"]
[WhiteTeam "SC N-T Nürnberg"]
[BlackTeam "SK Bad Neustadt"]

1. g3 Nf6 2. Bg2 g6 3. e4 e5 4. d3 Bg7 5. c4 d6 6. Nc3 c6 7. Nf3 O-O 8. b4 h6
9. Ba3 Bg4 10. Qb3 Qd7 11. b5 Nh7 12. O-O Kh8 13. Rab1 c5 14. Qa4 b6 15. h3
Bxh3 16. Kh2 Bxg2 17. Kxg2 f5 18. Rh1 f4 19. Nh4 Qg4 20. Qd1 Qe6 21. Nd5 Rf7
22. Qf3 Ng5 23. Nc7 Rxc7 24. Qe2 Rf7 25. f3 fxg3 26. Qe3 Kg8 27. Rhf1 Nd7 28.
f4 exf4 29. Rxf4 Rxf4 30. Qxf4 Rf8 31. Qxg3 Be5 32. Qh3 Nxh3 0-1

[Event "Bayerische EM 2021 -  Frauen"]
[Site "Schney"]
[Date "2021.08.28"]
[Round "9.1"]
[White "Racky, Selina"]
[Black "Braun, Kristin"]
[Result "0-1"]
[WhiteElo "1309"]
[BlackElo "1925"]
[PlyCount "64"]
[EventDate "2021.??.??"]
[WhiteTeam "SG Vogtareuth-Prutting"]
[BlackTeam "SC Jäklechemie Nbg."]

1. d4 Nf6 2. Nf3 g6 3. Bf4 Bg7 4. Nbd2 d6 5. c3 O-O 6. e4 b6 7. Bd3 Bb7 8. Qc2
Nbd7 9. O-O-O c5 10. d5 Nh5 11. Bg3 a6 12. Be2 b5 13. Ng5 Nhf6 14. h4 h6 15.
Nh3 Qa5 16. Qb3 c4 17. Qa3 Qxa3 18. bxa3 Nc5 19. f3 Nh5 20. Bf2 Bxc3 21. g4 Ng7
22. Kc2 Ba5 23. Bxc5 dxc5 24. f4 Bxd2 25. Rxd2 e6 26. h5 exd5 27. exd5 gxh5 28.
gxh5 Nf5 29. Rg1+ Kh8 30. d6 Nd4+ 31. Kc3 Rfe8 32. Bd1 Re3+ 0-1

[Event "Bayerische EM 2021 -  Frauen"]
[Site "Schney"]
[Date "2021.08.28"]
[Round "9.2"]
[White "Albayrak, Berrak"]
[Black "Perez Celis, Alba"]
[Result "0-1"]
[WhiteElo "1484"]
[BlackElo "1860"]
[PlyCount "62"]
[EventDate "2021.??.??"]
[WhiteTeam "SC N-T Nürnberg"]
[BlackTeam "SK Bad Neustadt"]

1. e4 e5 2. Nf3 Nc6 3. Bc4 Bc5 4. c3 Nf6 5. d3 d6 6. O-O a6 7. d4 exd4 8. cxd4
Ba7 9. e5 dxe5 10. dxe5 Qxd1 11. Rxd1 Ng4 12. Kf1 O-O 13. Re1 Bxf2 14. Re4 Bb6
15. h3 Nh6 16. g4 Kh8 17. Nc3 Bd7 18. Nd5 Rae8 19. Bxh6 gxh6 20. Nf6 Re7 21. g5
Bxh3+ 22. Ke2 Bf5 23. Rh4 Nxe5 24. Nd5 Nxf3+ 25. Kxf3 Re6 26. Nf6 Re3+ 27. Kg2
Rd8 28. Rah1 Rd2+ 29. Kf1 Rd1+ 30. Kg2 Rxh1 31. Kxh1 hxg5 0-1

[Event "Bayerische EM 2021 -  Frauen"]
[Site "Schney"]
[Date "2021.08.28"]
[Round "9.3"]
[White "Spiel, Marianne"]
[Black "Albayrak, Aylin"]
[Result "1-0"]
[WhiteElo "1869"]
[BlackElo "1697"]
[PlyCount "69"]
[EventDate "2021.??.??"]
[WhiteTeam "FC Bayern München"]
[BlackTeam "SC N-T Nürnberg"]

1. e4 d5 2. exd5 Qxd5 3. Nc3 Qa5 4. d4 Nf6 5. Nf3 g6 6. Be2 Bg7 7. O-O O-O 8.
h3 c6 9. Be3 Nbd7 10. Qd2 Re8 11. Bc4 Nb6 12. Bb3 Qh5 13. Bf4 Bxh3 14. Bxf7+
Kh8 15. Bxe8 Rxe8 16. Ng5 Bd7 17. Rfe1 Ne4 18. f3 Nf6 19. Ne6 Bxe6 20. Rxe6 Kg8
21. Rae1 Nfd5 22. Nxd5 Nxd5 23. c3 Rf8 24. Bg5 Rf5 25. Bxe7 Bh6 26. Qf2 Nf4 27.
R6e3 Rf7 28. Re5 g5 29. R1e3 Qg6 30. Qg3 Rg7 31. Bd8 Nd5 32. Re8+ Kf7 33. Qg4
Qd6 34. Qf5+ Nf6 35. R3e7+ 1-0

[Event "Bayerische EM 2021 -  Frauen"]
[Site "Schney"]
[Date "2021.08.28"]
[Round "9.4"]
[White "Roos, Karin"]
[Black "Birke, Stefanie"]
[Result "1-0"]
[WhiteElo "1738"]
[BlackElo "1543"]
[PlyCount "83"]
[EventDate "2021.??.??"]
[WhiteTeam "FC Bayern München"]
[BlackTeam "FC Nordhalben"]

1. e4 e6 2. d4 b6 3. Nf3 d6 4. Bd3 Bb7 5. O-O g6 6. Nc3 Bg7 7. Re1 Nd7 8. e5
Bxf3 9. Qxf3 dxe5 10. d5 Ngf6 11. dxe6 fxe6 12. Qc6 O-O 13. Qxe6+ Kh8 14. Qh3
Qe8 15. Bh6 Bxh6 16. Qxh6 Ng4 17. Qh4 Nxf2 18. Bb5 Rd8 19. Re2 Rf4 20. Qg3 Qf8
21. Rxf2 Rxf2 22. Qxf2 Qxf2+ 23. Kxf2 Rf8+ 24. Ke3 Nc5 25. Rd1 Ne6 26. Rd2 c5
27. Ne4 Nd4 28. Ba6 Nf5+ 29. Ke2 Rf7 30. c3 h5 31. Bb5 Kg7 32. Nd6 Nxd6 33.
Rxd6 Kh6 34. Re6 Rf5 35. Bd3 Rg5 36. g3 Kg7 37. Re7+ Kf6 38. Rxa7 Rg4 39. Ra6
e4 40. Rxb6+ Kf5 41. Bc4 Kg5 42. Be6 1-0